Οικονομική της διοίκησης : ποσοτικές μέθοδοι επιχειρησιακής λήψης αποφάσεων
Αποθηκεύτηκε σε:
| Κύριος συγγραφέας: | |
|---|---|
| Μορφή: | Βιβλίο |
| Γλώσσα: | Greek |
| Δημοσίευση: |
Αθήνα : Πειραιάς :
Α. Σταμούλης,
1994
|
| Θέματα: | |
| Ετικέτες: |
Προσθήκη ετικέτας
Δεν υπάρχουν, Καταχωρήστε ετικέτα πρώτοι!
|
MARC
| LEADER | 00000cam a2200000 i 4500 | ||
|---|---|---|---|
| 001 | 1/10991 | ||
| 008 | 000907s1994 gre d | ||
| 020 | |a 960-351-024-6 | ||
| 035 | |l 10063664 | ||
| 040 | |a GR-MY-UA |b gre |e aacr | ||
| 041 | 0 | |a gre | |
| 082 | 0 | |a 658.4 | |
| 100 | 1 | |a Τραχανάς, Κωστας Δ. |d 1952- | |
| 245 | 1 | 0 | |a Οικονομική της διοίκησης : |b ποσοτικές μέθοδοι επιχειρησιακής λήψης αποφάσεων / |c Κων/νου Δ. Τραχανά |
| 260 | |a Αθήνα : |a Πειραιάς : |b Α. Σταμούλης, |c 1994 | ||
| 300 | |a 498 σ.; |b πίν., διαγρ.; |c 24 cm | ||
| 504 | |a Περιέχει βιβλιογραφία | ||
| 650 | 0 | 0 | |a Managerial economics. |
| 650 | 0 | 0 | |a Management. |
| 852 | |a INST |b CHIOS |e 20021210 |h 658.4 ΤΡΑ |p 005200013549 |q 005200013549 |t BK |y 0 | ||
| 852 | |a INST |b CHIOS |e 20010207 |h 658.4 ΤΡΑ |p 005200016683 |q 005200016683 |t BK |y 0 | ||
| 852 | |a INST |b CHIOS |e 20000907 |h 658.4 ΤΡΑ |p 005200017673 |q 005200017673 |t BK |y 0 | ||
| 901 | |a BIBL2-2000-3 | ||
| 901 | |a BIBL2-2001-1 | ||
| 901 | |a BIBL2-2002-3 | ||
| 909 | |a Χ |b 076052 | ||
| 909 | |a Χ |b 083150 | ||
| 909 | |a Χ |b 102669 | ||
| 970 | |z 2000/09/Litsa | ||